000 01012nam a2200229 a 4500
001 BRCA_6627
005 20190320205532.0
008 061011s2009----mx-a######---#000-0#spa-#
041 _aspa
050 4 _bH47 2009
100 1 _aHerrera Duprat, Laura María Cristina
_916597
245 1 0 _aEjecutorias de hidalguía, manuscritos de genealogía y nobleza del México colonial
_buna propuesta para su descripción bibliográfica y análisis documental.
260 _aCiudad de México
_c2009
300 _avi, 148 p.
_bil. (algunas a color)
_c28 cm.
_e2 CDs
502 _aTesis Maestría (Maestra en Bibliotecología y Estudios de la Información) UNAM, Centro Universitario de Investigaciones Bibliotecológicas, Facultad de Filosofía y Letras
650 1 4 _aEjecutorias de hidalguía
_xHistoria
_916598
650 1 4 _aEjecutorias de hidalguía
_xCatálogo documental
_916599
650 1 4 _aManuscritos
_916600
710 2 _aFernández de Zamora, Rosa María
_eDirectora
_916601
902 _aDEB
942 _2lcc
_cTES
999 _c6311
_d6311